Szalona kliknij matematyka - Statystyki

Ogólne statystyki
  • Ten quiz został rozwiązany 440 razy
  • Średni wynik to 16 z 30
Statystyki odpowiedzi
Hint Odpowiedź % Poprawnych
1+1 2
96%
Jaka jest tutaj największa liczba 4
95%
3-1 2
91%
2+1 3
88%
4-2 2
84%
12/4 3
83%
-4+6 2
78%
3^1 3
76%
9-8 1
75%
5/2,5 2
75%
2(3-1) 4
75%
40/10 4
72%
Pierwiastek sześcienny z 27 3
70%
2^2 4
70%
2^0 1
69%
2/1 2
67%
(2^3)/(2^2) 2
61%
6(1/2) 3
48%
Pierwiastek kwadratowy z 4 2
38%
48/24+2 4
37%
30-58/2 1
24%
56/8-4 3
20%
(-4)^2-15 1
16%
6/(4+2) 1
14%
(20-10)/5 2
13%
2x+4=10 Jaka jest wartość x? 3
8%
2^2 4
8%
Najmniejsza liczba naturalna 1
6%
2x+4=7x-1 Jaka jest wartość x? 1
5%
Ile pozytywnych czynników ma 6? 4
4%
Nie znaleziono quizów pasujących do podanych kryteriów
Rozkład punktacji
Procent ludzi z każdym wynikiem
Percentyl według liczby udzielonych odpowiedzi
Twoja historia wyników
Nie rozwiązałeś tego quizu